000 00775nam a2200253 i 4500
001 bgj
100 1 _aBALZAC, Honore
_c(de ;
_d1799-1850).
245 1 0 _aPere Goriot =
_bOld Goriot /
_cHonore de Balzac ; introduction by Lester G. Crocker.
260 _aNew York :
_bWashington Square Press,
_c1962.
300 _aXIX, 279 pp ;
_c17 cm.
490 1 _aWashington Square Press Book
650 9 _aFathers and daughters
650 9 _aOlder men
651 9 _aFrance
_xSocial life and customs
_y19th century
651 9 _aFrance
_xHistory
651 9 _aParis (|France)
655 _aFiction
700 1 _aCROCKER, Lester G.
830 _aWashington Square Press Book
040 _cBPK
041 0 _aeng
_hfre
942 _cKS
008 s uk f |000 0 eng
999 _c48702
_d48702
856 _uhttp://koha.tu.koszalin.pl/cgi-bin/koha/opac-detail.pl?biblionumber=48702
_yKatalog online BPK